02476nam a2200229 a 4500001001300000003000900013005001700022008004100039020002900080040003200109082003300141100003700174245023000211260007000441300002000511490012400531520122200655655011201877655007801989830006102067830011802128000000399548IT-MiSPE20200914145959.0120228s2012 it 000 u ita d a9788894900156c25.00 EUR aIT-MiSPEbitadipcIT-MiSPE a230.01-LIV an ve (axa 23298)1 aLivi, Antonio,csac.,d1938-202010aVera e falsa teologia :bcome distinguere l'autentica "scienza della fede" da un'equivoca "filosofia religiosa" / Quarta edizione con un'Appendice su Gli equivoci della teologia morale dopo la "Amoris laetitia"cAntonio Livi. aRoma :bLeonardo da Vinci,c2018 (quarta edizione con appendice). a416 p. ;c24 cm1 aGrande enciclopedia epistemologica.aNuova serie ;v008.aArea I,aEpistemologia generale.aSezione II,aScienza e fede aQuesto trattato di epistemologia teologica, giunto ormai alla quarta edizione, è stato molto apprezzato dai migliori teologi viventi per il suo rigore scientifico che mantiene il discorso estraneo alle contrapposte ideologie del progressismo e del tradizionalismo. Le varie forme della «falsa teologia», infatti, sono qui criticate non perché esprimano opinioni non condivise ma perché pretendono di interpretare la fede cristiana in modo inadeguato, ignorando la razionalità insita nella rivelazione divina, sia per quanto riguarda i suoi contenuti (dogmatici e morali) sia per quanto riguarda il modo della sua comunicazione (che implica la verità dei “preambula fidei”). L’assunto principale di questo trattato è dunque mostrare come la teologia, in quanto “scienza della fede”, si debba limitare a proporre ipotesi scientifiche di interpretazione del dogma e non abbia la competenza per ri-formulare o ri-creare la fede della Chiesa partendo da presupposti filosofici che ne ignorano o addirittura ne vanificano le ragioni intrinseche. Un’Appendice di questa nuova edizione esamina le teorie teologico-morali che più hanno influito sul linguaggio e sui contenuti del Magistero recente. 7aFilosofia. Logica. Epistemologia. GnoseologiaxCritica ed epistemologiaxLibri generali in italiano.2local 7aFilosofia. Teologia naturalexFilosofia della religione (italiano)2local 0aGrande enciclopedia epistemologica.pNuova serie ;v008. 0aGrande enciclopedia epistemologica.pNuova serie.nArea I,pEpistemologia generale.nSezione II,pScienza e fede.